000 01398cam a2200337 i 4500
001 29807
003 Mx-PuUPA
005 20260326081331.0
008 140415s2016 sp a gr 000 0 spa d
017 _aM-3123-2016
020 _a9788428396776
040 _cMx-PuUPA
_aMx-PuUPA
_bspa
_dMx-PuUPA
_erda
041 0 _aspa
100 1 _aSánchez Estella, Óscar,
_eautor
_914705
245 1 0 _aAplicaciones informáticas de bases de datos relacionales UF0322 /
_bÓscar Sánchez Estella ; coordinador Miguel Moro Vallina
264 1 _a[Madrid] :
_bEdiciones Paraninfo,
_c©2016
300 _axiv, 129 páginas :
_bilustraciones (en color) ;
_c24 cm
336 _atexto
_2rdacontent
_btxt
337 _asin medio
_ardamedia
_2rdamedia
_bn
338 _avolumen
_2rdacarrier
_bnc
490 0 _aTransversal
650 7 _2armarc
_aBases datos relacionales
_xManuales de formación
650 7 _2armarc
_aMicrosoft Access (Programa de computadora)
650 7 _2armarc
_aTrabajo de oficina
_vExámenes, pruebas, etc.
700 1 _aMoro Vallina, Miguel,
_ecoordinador
942 _2ddc
_cLI
_h005.756
_iS54
999 _c29807
_d29807